Loading...
| Geography | 1 | 3 | 0 | 3 | 45 | 55 | 108.50 | 0 | 2 | 10.92 | 25.00 |
| Literature - Poetry | 0 | 3 | 0 | 0 | 30 | 117 | 121.00 | 0 | 1 | 7.39 | 15.58 |
| History - American | 1 | 1 | 0 | 0 | 25 | 48 | 65.50 | 1 | 2 | 19.47 | 25.40 |
| Science - Other | 0 | 2 | 0 | 0 | 20 | 126 | 130.50 | 0 | 2 | 2.81 | 12.86 |
| Science - Physics | 0 | 2 | 0 | 1 | 20 | 96 | 109.00 | 0 | 1 | 2.33 | 11.69 |
| Current Events | 1 | 0 | 0 | 0 | 15 | 51 | 51.00 | 0 | 1 | 15.71 | 21.43 |
| History - Other | 1 | 0 | 0 | 0 | 15 | 49 | 49.00 | 0 | 0 | 8.77 | 8.16 |
| Other Academic | 0 | 1 | 0 | 0 | 10 | 97 | 97.00 | 0 | 1 | 3.40 | 6.49 |
| Science - Biology | 0 | 1 | 0 | 0 | 10 | 82 | 82.00 | 0 | 1 | 3.77 | 6.49 |
| History - World | 0 | 1 | 0 | 0 | 10 | 74 | 74.00 | 1 | 1 | 2.95 | 3.57 |
| Philosophy | 0 | 1 | 1 | 0 | 5 | 99 | 99.00 | 0 | 1 | 2.66 | 7.79 |
| Social Science | 0 | 1 | 1 | 0 | 5 | 137 | 137.00 | 0 | 1 | 1.39 | 9.24 |
| Literature - Drama | 0 | 0 | 1 | 0 | -5 | 0.00 | 0 | 0 | 0.00 | 0.00 |